|
|
|
|
| LEADER |
00637cam a2200193 a 4500 |
| 001 |
0000054080 |
| 005 |
20010412090000.0 |
| 040 |
|
|
|a mod
|
| 041 |
|
|
|a eng
|
| 020 |
0 |
0 |
|a 0764532545
|
| 090 |
0 |
0 |
|a 005.362
|b FRO
|
| 100 |
1 |
0 |
|a Fronckowiak
|h John W
|
| 245 |
1 |
0 |
|a Visual Basic 6
|b database programming
|c John Frockowiak and David J. Helda
|
| 260 |
0 |
0 |
|a California
|b IDG Books Worldwide
|c 1999
|
| 300 |
0 |
0 |
|a xxx, 997p.
|b ill.
|c 22cm + 1 CD-ROM
|
| 650 |
0 |
0 |
|a Database design
|
| 650 |
0 |
0 |
|a Microsoft Visual BASIC
|
| 650 |
0 |
0 |
|a BASIC (Computer Program language
|
| 999 |
|
|
|a 0174830
|b PU SUBANG (TUDM SUBANG)
|d BOOKS
|e Umum
|f PU Subang (TUDM Subang)
|j AVAILABLE
|q GOOD CONDITION
|